| 000 | 01362nim a2200337 i 4500 | ||
|---|---|---|---|
| 001 | 197263 | ||
| 003 | ES-MaACL | ||
| 005 | 20250828062611.0 | ||
| 007 | ss lsnjlcipnne | ||
| 008 | 250424s1990 sp nnnn |||| 00| spa d | ||
| 040 |
_bspa _cES-MaACL |
||
| 245 | 0 | 0 |
_aCiclo de Cine Fórum Temas de Irlanda : proyección de la película "The dead" de John Huston _h[Grabación sonora] |
| 260 |
_aMadrid : _bAteneo de Madrid, _c1990. |
||
| 300 |
_a1 casete (ca. 90 min) : _bson. ; _c11 cm. |
||
| 490 | 1 | _3Actos culturales en el Ateneo de Madrid | |
| 518 | _aGrabado el 10 de diciembre de 1990 en el Salón de Actos del Ateneo de Madrid. | ||
| 520 | _aProyección de la película The Dead de John Huston ambientada en Dublín en 1904. | ||
| 540 | _aDocumento inédito | ||
| 594 | _5Datos basados en la invitación. | ||
| 610 | 2 | 0 |
_aAteneo de Madrid- _xActos culturales- _y1990- _vGrabaciones sonoras _9240083 |
| 651 | 4 |
_aIrlanda- _xHistoria- _yS.XX _zHistoria- _9240428 |
|
| 653 | _aArchivo de la palabra | ||
| 655 | 0 |
_aConferencias _9234444 |
|
| 710 | 2 |
_aAteneo de Madrid _ehis _91875 |
|
| 710 | 0 |
_aAsociación Cultural Hispano-Irlandesa _eclb _91538 |
|
| 830 | 0 |
_aActos culturales en el Ateneo de Madrid _9240237 |
|
| 852 |
_aES-MaACL _cDEPOZ _9205506 |
||
| 942 |
_2udc _n0 _cCINTASAUD |
||
| 999 |
_c197263 _d197263 |
||